000 00218 a2200097 4500
001 56105
100 _a
245 _aIntellectual history of the social order
260 _aIslamabad
_bNnewnes
_c
090 _c34755
_d34755
942 _aNUST-CAE
_c
_c27508
999 _c291178
_d291178